000 00730cam a2200253 a 4500
008
020 _a1856041360 (pbk.)
049 _aMAIN
090 _aT58.5
_bROW
100 1 _aRowley, Jennifer.
245 1 4 _aThe basics of information systems /
_cJennifer Rowley.
250 _a2nd ed.
260 _aLondon :
_bLibrary Association,
_c1996.
300 _axii, 268 p. :
_bill. ;
_c22 cm.
504 _aIncludes bibliographical references.
500 _aIncludes index.
650 0 _aInformation technology.
650 0 _aInformation systems.
907 _a.b10169957
_b19-02-13
_c29-07-05
003
005 20230123134042.0
040 _cNUST
942 _cBOOKS
_kT58.5
_mROW
999 _c159186
_d159186